000 00495nmm a2200169Ia 4500
008 251105s9999||||xx |||||||||||||||||und||
020 _a9788490733622
041 _aspa
100 _aMorla Asensio, Víctor
245 0 _aEclesiastés :
_b El colapso del sentido
264 _a[Madrid, España] :
_bEditorial Verbo Divino,
_c2018
300 _a216 páginas
490 _aEstudios bíblicos
650 _aReligion(s)
856 _uhttps://public.digitaliapublishing.com/a/51893
942 _cCF
999 _c87877
_d87877